000 00318nam a2200157Ia 4500
100 _aHeller/ Dan
250 _aV6
942 _cBK
654 _acomputer
245 _aMotif Programming Manual
260 _bOreilly & Ass Inc
_c1991
082 _a5.14
_bHER
300 _a990
546 _aENGLISH
999 _c31840
_d31840